000 00325nam a22001457a 4500
003 SGT
020 _a81-219-4245-4
082 _a615.19
_bP14J
100 _aJAYAVEERA,K.N
245 _aPRACTICAL MEDICINE CHEMISTRY
260 _aNEW DELHI
_bS.CHAND & COMPANY
_c2014
300 _a156
650 _aPHARMACY
942 _2ddc
_cBK
999 _c11199
_d11199